000 00405nam a22001697a 4500
003 CEME
005 20210628203244.0
008 210203b xxu||||| |||| 00| 0 eng d
020 _a0000000259972
040 _c.
082 _a613 ABU
100 _aAbul Asad Karim Malik
_964315
245 _aSabziyan aur phal
260 _aLAHORE
_bMAKTABA DANYAL
_c2010
300 _aVII, 278P
942 _cBK
_2ddc
_04
999 _c572848
_d572848